00769nam a2200241 i 450000100060000000300090000600500170001500700030003200800410003508000190007608000190009510000210011424500790013526000470021430000410026149000200030250000290032265100510035165100530040270000190045583000200047485200330049418178ES-MaACL20230906151755.0t|011003s1961 fr ||||1| fre d a946.0"1936/39" a946.0"1931/39"1 aBroué, Pierre.13aLa révolution et la guerre d'Espagne / cPierre Broué, Emile Témime. aParis : bLes Editions de Minuit, c[1961] a542 p., [12] p. de lám. ; c23 cm.1 aArguments ; v3 aBiblioteca Juan Andrade. 4aEspaña-xHistoria-y1936-1939, Guerra civil. 4aEspaña-xHistoria-y1931-1939, II República.1 aTemime, Emile.0 aArguments ; v3 aES-MaACLjAND-114 bR.109504